|
|
|
|
| LEADER |
00785nta a2200205 i 4500 |
| 001 |
dokt8515 |
| 005 |
20221111153135.0 |
| 008 |
221111s1972 hu om 0|| hun d |
| 040 |
|
|
|a SZTE Doktori Repozitórium
|b hun
|
| 041 |
|
|
|a hun
|
| 100 |
1 |
|
|a Kovács Miklós
|
| 245 |
1 |
0 |
|a Strukturalizmus és marxizmus
|h [elektronikus dokumentum] :
|b A strukturalizmus főbb filozófiai problémái - az elsősorban hazai marxista kritika tükrében /
|c Kovács Miklós
|
| 260 |
|
|
|c 1972
|
| 502 |
|
|
|a Disszertacio
|
| 650 |
|
4 |
|a filozófiai tudományok
|
| 650 |
|
4 |
|a Bölcsészettudományok
|
| 650 |
|
4 |
|a Filozófia, etika és vallástudományok
|
| 695 |
|
|
|a Filozófia
|
| 700 |
1 |
|
|a Nincs megadva
|e ths
|
| 856 |
4 |
0 |
|u https://doktori.bibl.u-szeged.hu/id/eprint/8515/1/1972_kovacs_miklos.pdf
|z Dokumentum-elérés
|